000 00639nam a2200193 i 4500
001 38908
003 ES-MaACL
005 20250924063026.0
007 t|
008 030226s1953 sp ||||1| spa d
100 1 _aCampos, Jorge,
_d1916-1983
_934244
245 1 3 _aEl hombre y lo demás /
_cJorge Campos.
260 _aValencia :
_bCastalia,
_c1953 (
_fTip. Moderna)
300 _a262 p. :
_bil. ;
_c20 cm.
490 1 _aProsistas contemporáneos. Escritores Españoles de Hoy
830 0 _aProsistas contemporáneos. Escritores Españoles de Hoy
_9181933
852 _aES-MaACL
_jC-6451
_bR.35338
999 _c38908
_d38908